000
00227nam a22000857a 4500
008
160629b xxu||||| |||| 00| 0 eng d
100
_9
1404
_a
Minhas, G., et al
245
_a
Operate Computers Yourself
260
_a
N.D
_b
Dreamland
_c
2000
999
_c
1161
_d
1161